[Event "AUTO-OPEN-1922"]
[Site "http://www.queenalice.com/game.php?id=750160"]
[Date "2010.3.22"]
[Round "1"]
[White "Markinhogatinho"]
[Black "Alexandercxi"]
[Result "1-0"]
[WhiteElo "1386"]
[BlackElo "1577"]

1. e4 e5 2. Nf3 Nc6 3. Bc4 Nf6 4. d4 exd4 5. Nxd4 Nxe4 6. Nf3 Qf6 7. Bg5 Qxb2 8.
Nbd2 Bb4 9. Rb1 Qc3 10. Qe2 O-O 11. O-O Re8 12. Nxe4 Qe5 13. Nxe5 1-0

[Event "AUTO-OPEN-1922"]
[Site "http://www.queenalice.com/game.php?id=750161"]
[Date "2010.3.22"]
[Round "1"]
[White "Alexandercxi"]
[Black "Markinhogatinho"]
[Result "1-0"]
[WhiteElo "1380"]
[BlackElo "1501"]

1. e4 c5 2. Nf3 Nc6 3. d4 d6 4. Bb5 a6 5. Bxc6+ bxc6 6. dxc5 dxc5 7. Qxd8+ Kxd8
8. O-O Nf6 9. Rd1+ Ke8 10. Nc3 g6 11. e5 Nd7 12. Bg5 Bg7 13. Re1 e6 14. Ne4 Nxe5
15. Nd6+ Kd7 16. Nxe5+ Bxe5 17. Nxf7 Rf8 18. Nxe5+ Kd6 19. Rad1+ Kc7 20. Be7 Rf5
21. Bd8+ Kb7 22. Rd3 a5 23. Rb3+ Ka7 24. Nxc6+ Ka6 25. Rb6# 1-0

[Event "AUTO-OPEN-1922"]
[Site "http://www.queenalice.com/game.php?id=750192"]
[Date "2010.3.22"]
[Round "1"]
[White "Alexandercxi"]
[Black "regivaldopetro"]
[Result "1-0"]
[WhiteElo "1501"]
[BlackElo "1252"]

1. e4 c5 2. Nf3 g6 3. d4 cxd4 4. Nxd4 Bg7 5. Be3 Nc6 6. Nc3 Nf6 7. Be2 O-O 8.
Qd2 Nxd4 9. Bxd4 b6 10. e5 Ne8 11. O-O Bb7 12. f4 e6 13. Bf3 Bxf3 14. Rxf3 d6
15. Rd1 d5 16. g4 Rc8 17. Qg2 f6 18. Rdf1 f5 19. gxf5 exf5 20. Re3 Nc7 21. Rd1
Ne6 22. Nxd5 Qd7 23. Bc3 1-0

[Event "AUTO-OPEN-1922"]
[Site "http://www.queenalice.com/game.php?id=750193"]
[Date "2010.3.22"]
[Round "1"]
[White "regivaldopetro"]
[Black "Alexandercxi"]
[Result "0-1"]
[WhiteElo "1305"]
[BlackElo "1432"]

1. e4 c5 2. Nf3 d6 3. d4 cxd4 4. Nxd4 Nf6 5. Nc3 e5 6. Nb3 Nc6 7. Be3 Be6 8. Bb5
Be7 9. O-O O-O 10. Bxc6 bxc6 11. f3 d5 12. Nc5 d4 13. Nxe6 fxe6 14. Ne2 dxe3 15.
Qe1 Qd2 16. Qxd2 exd2 17. Rad1 Rfd8 18. Nc3 Rd7 19. Rf2 Bc5 0-1

[Event "AUTO-OPEN-1926"]
[Site "http://www.queenalice.com/game.php?id=752005"]
[Date "2010.3.26"]
[Round "1"]
[White "Blutigeroo"]
[Black "Alexandercxi"]
[Result "0-1"]
[WhiteElo "1855"]
[BlackElo "1380"]

1. f4 d5 2. Nf3 Bg4 3. Ne5 Nf6 4. d3 e6 5. Be3 Bd6 6. h3 Bf5 7. g4 Bg6 8. Nc3
Bxe5 9. fxe5 Nfd7 10. Bf4 Qh4+ 11. Kd2 a6 12. e4 dxe4 13. dxe4 Qf2+ 14. Ne2 Nc5
15. Kc1 Bxe4 16. Rh2 Qh4 17. Ng3 Bg6 18. Qf3 Nc6 19. Qe3 Qe7 20. Bg5 f6 21. exf6
gxf6 22. Bh4 O-O-O 23. Rf2 Rhf8 24. b3 Ne4 25. Kb2 Nxf2 26. Qxf2 Qb4 27. Ne2 Rd2
28. Rc1 Ne5 29. Qa7 Nd3+ 30. Ka1 Nxc1 31. Be1 Qa3 0-1

[Event "AUTO-OPEN-1926"]
[Site "http://www.queenalice.com/game.php?id=752006"]
[Date "2010.3.26"]
[Round "1"]
[White "Alexandercxi"]
[Black "Blutigeroo"]
[Result "1-0"]
[WhiteElo "1380"]
[BlackElo "1896"]

1. d4 c5 2. dxc5 Qa5+ 3. Nc3 Qxc5 4. e4 Nf6 5. Be2 d6 6. Nf3 a6 7. O-O g6 8. a3
Bg7 9. Be3 Qa5 10. Nd2 O-O 11. Nc4 Qd8 12. Nb6 Nfd7 13. Nxa8 Bxc3 14. bxc3 b5
15. Bh6 Re8 16. f4 Bb7 17. Qd4 f6 18. f5 e5 19. Qxd6 g5 20. Nc7 Bxe4 21. Bh5 Re7
22. Ne6 Qb6+ 23. Qxb6 Nxb6 24. Rad1 Nc6 25. Rd6 Nc4 26. Rxc6 Bxc6 27. Rd1 Rd7
28. Rxd7 Bxd7 29. Nc5 Bxf5 30. Nxa6 Nxa3 31. Be8 Bxc2 32. Nc7 Bd3 33. Nd5 1-0

[Event "AUTO-OPEN-1926"]
[Site "http://www.queenalice.com/game.php?id=752027"]
[Date "2010.3.26"]
[Round "1"]
[White "Alexandercxi"]
[Black "capaputi"]
[Result "0-1"]
[WhiteElo "1380"]
[BlackElo "2198"]

1. d4 Nf6 2. c4 c5 3. dxc5 e6 4. Bg5 Bxc5 5. e3 Nc6 6. Bd3 Qa5+ 7. Nd2 Be7 8.
Nf3 d5 9. cxd5 exd5 10. O-O Be6 11. Nb3 Qb6 12. Rc1 O-O 13. Qc2 h6 14. Bxf6 Bxf6
15. Rfd1 Rac8 16. Qd2 Rfd8 17. Bb1 Bg4 18. Kh1 Bxf3 19. gxf3 d4 20. Nxd4 Nxd4
21. Rxc8 Rxc8 22. exd4 Be7 23. d5 Bd6 24. Rg1 Be5 25. Qxh6 Qxh6 0-1

[Event "AUTO-OPEN-1926"]
[Site "http://www.queenalice.com/game.php?id=752028"]
[Date "2010.3.26"]
[Round "1"]
[White "capaputi"]
[Black "Alexandercxi"]
[Result "1-0"]
[WhiteElo "2216"]
[BlackElo "1380"]

1. c4 e5 2. Nc3 Nf6 3. Nf3 Nc6 4. d4 e4 5. Ne5 Bb4 6. Bg5 d6 7. Nxc6 Bxc3+ 8.
bxc3 bxc6 9. e3 h6 10. Bh4 O-O 11. Be2 d5 12. O-O Be6 13. c5 g5 14. Bg3 Qd7 15.
f3 exf3 16. Bxf3 Ng4 17. Qd2 f5 18. Bxg4 fxg4 19. Rab1 h5 20. e4 Qg7 21. Be5 Qg6
22. Bxc7 dxe4 23. Bd6 Rfe8 24. Be5 Rf8 25. Rb7 Rxf1+ 26. Kxf1 Bc4+ 27. Kg1 Rf8
28. h3 gxh3 29. Rg7+ Qxg7 30. Bxg7 1-0

[Event "AUTO-OPEN-1926"]
[Site "http://www.queenalice.com/game.php?id=752029"]
[Date "2010.3.26"]
[Round "1"]
[White "Alexandercxi"]
[Black "farnoud13"]
[Result "0-1"]
[WhiteElo "1380"]
[BlackElo "1909"]

1. e4 c6 2. d4 d5 3. Nc3 dxe4 4. Nxe4 Nd7 5. Bd3 Ngf6 6. Nf3 Nxe4 7. Bxe4 Nf6 8.
Bd3 Bg4 9. h3 Bh5 10. O-O e6 11. Bg5 Bd6 12. Re1 O-O 13. c3 Qa5 14. Bxf6 gxf6
15. Qd2 Kh8 16. Qh6 Bg6 17. Bxg6 fxg6 18. Rxe6 Qc7 19. Nh4 Rg8 20. Nf5 gxf5 21.
Qxf6+ Qg7 22. Rxd6 Rae8 23. Qxf5 Qxg2# 0-1

[Event "AUTO-OPEN-1926"]
[Site "http://www.queenalice.com/game.php?id=752030"]
[Date "2010.3.26"]
[Round "1"]
[White "farnoud13"]
[Black "Alexandercxi"]
[Result "1-0"]
[WhiteElo "1983"]
[BlackElo "1380"]

1. d4 Nf6 2. e3 d5 3. Bd3 e6 4. Nd2 c5 5. c3 Nc6 6. f4 Bd6 7. Ngf3 Bd7 8. Ne5
O-O 9. O-O c4 10. Bc2 Ne7 11. g4 Ne8 12. b3 cxb3 13. axb3 f6 14. Nef3 Qc7 15.
Rf2 e5 16. fxe5 fxe5 17. Nxe5 Rxf2 18. Kxf2 Bxe5 19. dxe5 Qxe5 20. Nf3 Qxc3 21.
Ba3 Nf6 22. Bxe7 Nxg4+ 23. Kg3 Qc7+ 24. Kh4 Nxe3 25. Bxh7+ Kxh7 26. Qd3+ Nf5+
27. Kg5 Be6 28. Bb4 Qd8+ 29. Kf4 Qf6 30. Rg1 Kg8 31. Ng5 Nh6+ 32. Ke3 Ng4+ 33.
Rxg4 Qe5+ 34. Kf2 Qxh2+ 35. Rg2 Qf4+ 36. Kg1 Qc1+ 37. Kh2 Qf4+ 38. Kh1 Qh4+ 39.
Kg1 Rc8 40. Bc3 1-0

[Event "Challenge"]
[Site "http://www.queenalice.com/game.php?id=770778"]
[Date "2010.5.5"]
[Round "-"]
[White "Raeth"]
[Black "Alexandercxi"]
[Result "0-1"]
[WhiteElo "1362"]
[BlackElo "1457"]

1. e3 e5 2. d3 d5 3. Ne2 c5 4. Nd2 Nc6 5. g3 Nf6 6. Bg2 Be7 7. b3 Be6 8. Bb2 Qd7
9. h3 b5 10. a3 O-O 11. Nf3 h6 12. Nxe5 Nxe5 13. Bxe5 Rad8 14. Bb2 Qc7 15. Nc3
a6 16. a4 b4 17. Ne2 c4 18. Rc1 c3 19. Ba1 Bc5 20. Nf4 Bc8 21. d4 Bd6 22. Qd3
Bxf4 23. gxf4 Rfe8 24. f5 Ne4 25. Bxe4 Rxe4 26. Rg1 Rde8 27. Rd1 Bxf5 28. Qf1
Rxe3+ 29. fxe3 Rxe3+ 30. Kf2 Qf4+ 31. Kg2 Be4+ 32. Qf3 Qxf3+ 33. Kh2 Qxh3# 0-1